000 00400nam a2200133Ia 4500
008 151001s9999||||xx |||||||||||||| ||und||
100 _aवीरेंद्र सस्केना
245 _aजीवन विमर्श चिताए और चिन्तन
250 _a1
260 _bपंकज बुक्स
260 _c2006
300 _a136
365 _b21
999 _c992317
_d992314